A shroud of leaves
| Main Author: | |
|---|---|
| Format: | Book |
| Published: |
London :
Titan Books ,
2019
|
| Subjects: |
MARC
| LEADER | 00000cam a2200000 7i4500 | ||
|---|---|---|---|
| 001 | 0000278462 | ||
| 005 | 20201117091819.0 | ||
| 020 | |a 9781785656248 | ||
| 090 | 0 | 0 | |a F |b ALE |
| 100 | 1 | |a Alexander, Rebecca | |
| 245 | 1 | 2 | |a A shroud of leaves |c Rebecca Alexander |
| 260 | |a London : |b Titan Books , |c 2019 | ||
| 300 | |a 453p. ; |c 20cm. | ||
| 650 | 0 | |a Fiction | |
| 999 | |a 00385859 |b BUKU |c PINJAMAN |e PERPUSTAKAAN KOMUNITI CAW BANDAR UTAMA | ||